000 02059cam a22004214i 4500
003 PE-LiUPU
005 20250731183401.0
008 17082 s2010 sp a r 000 0 spa d
020 _a849696938X
020 _a9788496969384
035 _a(Sirsi) a238154
040 _aPE-LiUPU
_bspa
_cPE-LiUPU
_erda
049 _aPRUA
082 0 4 _a728
_bK79
_223
100 1 _aKrauel, Jacobo,
_eautor.
245 1 0 _aCasas de madera /
_c[autor Jacobo Krauel ; textos cedidos por los arquitectos, editados por Jay Noden].
264 1 _aBarcelona :
_bLinks,
_c2010.
300 _a239 páginas :
_bilustraciones ;
_c27 centimetros
336 _atext
_2rdacontent
337 _aunmediated
_2rdamedia
338 _avolume
_2rdacarrier
505 0 _aCasa cedar -- Residencia hornall -- Casa triángulo -- Casa de madera en caviano -- Villa O -- Les aventuriers -- Casa en yugawara -- Residencia hof -- Casa chen -- Casa de madera en la montaña -- Casa familiar en gaissau -- Casa S -- Casa EMA -- Casita -- Casa en kawaguchi -- Casa de vacaciones -- Casa en moritzberg -- Casa kekkapää, madera sobre roca -- Refugio alpino -- Casa beirings -- Casa de verano en stora gasmora -- Casa we.
526 _aP158
526 _aP146
526 _aP17
526 _aP12
526 _aP06
650 0 4 _aArquitectura doméstica
_ySiglo XXI
_vLibros de láminas.
650 0 4 _aConstrucción de madera
_vLibros de láminas.
650 0 4 _aCasas de madera
_vLibros de láminas.
910 _ajck
_bjvq
_cjpc
_d2017082
942 _2ddc
_cBOOK
949 _a728 K79
_wDEWEY
_c1
_i76311
_lCATALOGING
_mBUL
_p50.00
_r0
_sY
_tBOOK
_u2017-08-2
_xINGENIERIA
_PP06
_0COMPRA
_o.STAFF. Colección Ingeniería y Arquitectura
994 _aC0
_bPEPRU
596 _a1
999 _a728 K79
_wDEWEY
_c24865
_i76311
_d24865
_e2018-10-26
_f2021-11-30
_g4
_lCCODEBUL1
_mBUL
_n1
_p50.00
_q2
_r0
_sY
_tBOOK
_u2017-8-2
_xINGENIERIA
_PP06
_0COMPRA
_o.STAFF. Colección Ingeniería y Arquitectura
980 _81
_gALBERTO SANCHEZ Responsable de Automatización